LEADER 01041nam0-22003851i-450- 001 990008035400403321 005 20050402121920.0 010 $a0-8176-3777-X 035 $a000803540 035 $aFED01000803540 035 $a(Aleph)000803540FED01 035 $a000803540 100 $a20050402d2005----km-y0itay50------ba 101 0 $aeng 102 $aUS 105 $aa---a---101yy 200 1 $aLie theory$eHarmonic analysis on symmetric spaces-general Plancherel theorems$fJ.P.Anker,B.Orsted,editors 210 $aBoston$cBirkhauser$dc2005 215 $aviii,175 p.$d24 cm 225 1 $aProgress in mathematics$v230 610 0 $aGruppi di Lie 610 0 $aSpazi simmetrici 676 $a512.48$v22$zita 702 1$aAnker,$bJean-Philippe 702 1$aOrsted,$bBent 801 0$aIT$bUNINA$gRICA$2UNIMARC 901 $aBK 912 $a990008035400403321 952 $aC-3-(230$b20992$fMA1 959 $aMA1 962 $a46A11 962 $a22E30 962 $a22E10 996 $aLie theory$9472679 997 $aUNINA LEADER 01179cam0-22004091i-450- 001 990002899840403321 005 20050411101044.0 010 $a88-7750-413-7 035 $a000289984 035 $aFED01000289984 035 $a(Aleph)000289984FED01 035 $a000289984 100 $a20030910d1999----km-y0itay50------ba 101 0 $aita 102 $aIT 200 1 $a<>campionamento da popolazioni finite$emetodi e applicazioni$fBenito V. Frosini, Mario Montinaro, Giovanna Nicolini 205 $aNuova ed. 210 $aTorino$cUtet$d1999 215 $aXVIII, 372 p.$d24 cm 225 1 $aScienze statistiche 610 0 $aStatistica$aCampionamento 676 $a519.52$v21$zita 676 $a001.4 700 1$aFrosini,$bBenito V.$075801 701 1$aMontinaro,$bMario$0374437 701 1$aNicolini,$bGiovanna$0117705 801 0$aIT$bUNINA$gRICA$2UNIMARC 901 $aBK 912 $a990002899840403321 952 $a519.52 FRO 1$b1026$fBFS 952 $aXV-B-36$b6897$fMAS 952 $aVI E 1180$b41573$fFSPBC 959 $aBFS 959 $aMAS 959 $aFSPBC 996 $aCampionamento da popolazioni finite$9466648 997 $aUNINA